Podi Volleyball Nations League maschile - Statistics

Statistiche generali
  • Questo quiz è stato fatto 15 volte
  • Il punteggio medio è 5 su 6
Statistiche sulle risposte
Continente Totale podi Primo posto Secondo posto Terzo posto Nazionale % Corretto
Europa 4 2 1 1 Francia
93%
Asia 2 0 1 1 Giappone
93%
America del Nord 4 0 3 1 Stati Uniti
93%
Europa 5 1 1 3 Polonia
87%
America del Sud 1 1 0 0 Brasile
80%
Asia / Europa 2 2 0 0 Russia
73%
Nessun quiz corrispondente trovato
Distribuzione punteggi
Percentuale di utenti per punteggio
Percentile per numero di risposta
I tuoi punteggi nel tempo
Non hai fatto questo quiz